| 000 | 00352nam a22001457a 4500 | ||
|---|---|---|---|
| 020 | _qPB. | ||
| 040 | _cFIZZA ISHAQ | ||
| 082 |
_a387.730 _bYOU |
||
| 100 |
_aYOUNG, SETH. _990447 |
||
| 245 |
_aAIRPORT PLANNING AND MANAGEMENT / _cSETH YOUNG. |
||
| 250 | _a6th ED. | ||
| 260 |
_bMC GRAW HILL, _c2011. |
||
| 300 | _a608 P. ; | ||
| 942 |
_2ddc _cBK |
||
| 999 |
_c588659 _d588659 |
||